00497nam a2200145Ia 4500020001800000082001900018245007800037260004900115300001500164504001900179650004700198650003100245650004600276700002900322 a9781599048796 a025.00285 HAN- 0aHandbook of research on digital libraries: design, development and impact aHersheybInformation Science Referencec2009 axxxix, 649 aincludes index aDigital librariesvHandbooks, manuals etc. aOpen Source Software (OSS) aInformation storage and retrieval systems aYin Leng Theng [et...al]